Literární kulturnost patnáctiletých (2) z výsledků výzkumů fungování systému literární výchovy a vzdělání a aktivit českého čtenářství

Bibliographic Details
Main Author: Chaloupka, Otakar, 1935-2013 (Author)
Format: Article
Language:Czech
Subjects:

MARC

LEADER 00000nab a2200000uu 4500
001 vtls011507466
003 SK-MaSNL
005 20260304040444.0
008 211119|1975 xo |||||||||||||||||cze|
015 |a SNBRB 
035 |a (urnnbn)urn:nbn:sk:snk:ar-a0axih 
035 |a (uuid)179177fd-ceaa-4104-a48e-b20d9ebaa885 
035 |a urn:nbn:sk:snk-abe0er 
040 |a SNKBUCL  |b slo  |c SNKBUCL  |e AACR2 
041 0 |a cze 
044 |a xo  |c SK 
100 1 |a Chaloupka, Otakar,  |d 1935-2013  |4 aut  |9 221856 
245 1 0 |a Literární kulturnost patnáctiletých (2)  |b z výsledků výzkumů fungování systému literární výchovy a vzdělání a aktivit českého čtenářství  |c Otakar Chaloupka 
650 0 7 |a literárna výchova  |2 SNKPH  |9 1653 
650 0 7 |a deti  |2 SNKPH  |9 773 
650 0 7 |a mládež  |2 SNKPH  |9 1575 
650 0 7 |a čitatelia  |2 SNKPH  |9 4965 
651 7 |a Česko  |2 SNKPHgeo  |9 16753 
655 7 |a štúdie  |2 SNKPH  |9 57033 
773 0 |t Zlatý máj : kritická revue tvorby pro mládež  |g Roč. 19, č. 7 (1975), s. 470-476 
958 |a OND 
958 |a article20 
999 |c 2663421  |d 2665351